000 00622nam a2200205Ia 4500
003 GCL
008 140319s9999 xx 000 0 ara d
040 _aGCL /
_cGCL
082 0 4 _aق
_b069.0962
_bهـ م
100 1 _aهيئة الاثار المصرية
245 1 0 _aالمتحف المفتوح بالكرنك /
_cهيئة الاثار المصرية
260 _a[S.N] :
_bهيئة الاثار المصرية
490 _a
650 0 4 _aمصر
650 0 4 _aالاثار الفرعونية
650 0 4 _aالاقصر
650 0 4 _aالمتاحف
650 0 4 _aالمبانى العامة
942 _2ddc
_cBK
999 _c57820
_d57820